| 000 | 01085nam0a22002891 4500 | ||
|---|---|---|---|
| 001 | v19\rc\2015676 | ||
| 005 | 20260405175642.0 | ||
| 035 | _a(NLR Aleph) 005096775 | ||
| 090 |
_a7352164 _c7352164 |
||
| 100 | _a20080925d1902 |||y0rusy50 ca | ||
| 101 | 0 |
_arus _aara |
|
| 102 | _aRU | ||
| 105 | _ay j ||||| | ||
| 200 | 1 |
_aАрабская грамматика _e[Лекции 1-18 _fЗапись лекций прив.-доц. А.Э. Шмидта студента I курса В.Л. Бреше с 19. IX. 1901 г. по 29.III.1902 г.] |
|
| 210 |
_a[Санкт-Петербург] _cБ.и. _d[1902] |
||
| 215 |
_a118 с. _d22 |
||
| 300 | _aВладел. автогр. В. К. | ||
| 309 | _aНаписано от руки | ||
| 700 | 1 |
_7ca _8rus _aШмидт _bА. Э. _cарабист, исламовед _f1871-1939 _gАлександр Эдуардович _959605 _3RU\NLR\AUTH\7776677 |
|
| 702 | 0 |
_aВ. К. _4570 |
|
| 801 | 0 |
_aRU _bNLR _gpsbo |
|
| 801 | 1 |
_aRU _bProSoft-M _2rusmarc |
|
| 852 |
_aNLR _jКрI-4139 |
||
| 942 | _cBOOK | ||
| 980 | _aNB | ||
| 980 | 1 | _aKRCH | |